Elenca la formazione - Quiz n°109 - Statistics

Statistiche generali
  • Questo quiz è stato fatto 50 volte
  • Il punteggio medio è 9 su 11
Statistiche sulle risposte
Ruolo Nazione Calciatore % Corretto
Portiere Slovenia Jan Oblak
100%
Attaccante Uruguay Luis Suárez
93%
Difensore Montenegro Stefan Savić
91%
Centrocampista Belgio Yannick Carrasco
91%
Difensore Inghilterra Kieran Trippier
89%
Mediano Spagna Koke
89%
Centrocampista Francia Thomas Lemar
84%
Centrocampista Spagna Marcos Llorente
73%
Centrocampista Argentina Ángel Correa
66%
Difensore Brasile Felipe
50%
Difensore Spagna Mario Hermoso
48%
Nessun quiz corrispondente trovato
Distribuzione punteggi
Percentuale di utenti per punteggio
Percentile per numero di risposta
I tuoi punteggi nel tempo
Non hai fatto questo quiz